Statistiques concernant Devinez le Pays Mystère #95

Cliquez ici pour prendre le quiz!

Statistiques générales

  • Ce quiz a été pris 191 fois
  • Le résultat moyen est 7 sur 11

Statistiques - réponses

Type de RéponseRéponse% Correct
Lettre TrouvéeA
97%
Lettre Bien PlacéeA
71%
Lettre Bien PlacéeA
69%
Lettre TrouvéeA
67%
Lettre Bien PlacéeM
57%
Lettre TrouvéeM
57%
Lettre TrouvéeO
57%
Lettre Bien PlacéeO
55%
Lettre Bien PlacéeS
48%
Lettre TrouvéeS
48%
Pays MystèreSamoa
48%

Distribution des résultats

Percentile par nombre de réponses

% des personnes avec chaque résultat

Votre développement - résultats

Vous n’avez pas pris ce quiz